000 00667nam a2200181Ia 4500
008 151018s9999 xx 000 0 und d
082 _bRBASDV45907
_a910
100 _aमहावीरप्रसाद द्विवेदी
245 _aजल से बनो निरोगी
250 _b1
260 _bशब्दभारती
_c2008
300 _a24
600 _aमहावीरप्रसाद द्विवेदी
630 _aजल से बनो निरोगी
700 _aमहावीरप्रसाद द्विवेदी
730 _aजल से बनो निरोगी
942 _cBOOK
999 _c1045083
_d1045080